مكتبة جامعة عجلون الوطنية

فهرس بحث المكتبة

المستعربون في الأندلس : دراسة في اوضاعهم الاجتماعية والاقتصادية والفكرية (29-541)هـ / (701-1146)هـ / (Record no. 33470)

MARC details
000 -LEADER
fixed length control field 00846nam a22001817a 4500
003 - CONTROL NUMBER IDENTIFIER
control field JO-AjAnu
005 - DATE AND TIME OF LATEST TRANSACTION
control field 20240429112645.0
008 - FIXED-LENGTH DATA ELEMENTS--GENERAL INFORMATION
fixed length control field 240429b jo ||||| |||| 00| 0 ara d
040 ## - CATALOGING SOURCE
Original cataloging agency JO-AjAnu
Transcribing agency JO-AjAnu
041 ## - LANGUAGE CODE
Language code of text/sound track or separate title ara
050 ## - LIBRARY OF CONGRESS CALL NUMBER
Classification number DP99
Item number 2020
100 #1 - MAIN ENTRY--PERSONAL NAME
Personal name المعموري، محمد عبدالله عبد فزع
9 (RLIN) 65390
245 20 - TITLE STATEMENT
Title المستعربون في الأندلس : دراسة في اوضاعهم الاجتماعية والاقتصادية والفكرية (29-541)هـ / (701-1146)هـ /
Statement of responsibility, etc. محمد عبدالله عبد فزع المعموري
260 ## - PUBLICATION, DISTRIBUTION, ETC.
Place of publication, distribution, etc. عمان :
Name of publisher, distributor, etc. الرضوان للنشر والتوزيع ،
Date of publication, distribution, etc. 2020
300 ## - PHYSICAL DESCRIPTION
Extent 244صفحة
650 70 - SUBJECT ADDED ENTRY--TOPICAL TERM
Topical term or geographic name entry element تاريخ الاندلس - الحياة الاجتماعية - الحياة الاقتصادية - العصر العباسي
9 (RLIN) 65391
942 ## - ADDED ENTRY ELEMENTS (KOHA)
Source of classification or shelving scheme Library of Congress Classification
Koha item type Books
Suppress in OPAC No
Holdings
Withdrawn status Lost status Source of classification or shelving scheme Damaged status Not for loan Home library Current library Date acquired Total Checkouts Full call number Barcode Date last seen Price effective from Koha item type
    Library of Congress Classification     مكتبة جامعة عجلون الوطنية مكتبة جامعة عجلون الوطنية 29/04/2024   DP99 2020 A27405 29/04/2024 29/04/2024 Books
    Library of Congress Classification     مكتبة جامعة عجلون الوطنية مكتبة جامعة عجلون الوطنية 29/04/2024   DP99 2020 A27406 29/04/2024 29/04/2024 Books